| 000 | 01038nam a2200289 i 4500 | ||
|---|---|---|---|
| 001 | 000038104 | ||
| 003 | DO-SdBNP | ||
| 005 | 20260321073642.0 | ||
| 007 | ta | ||
| 008 | 110427s1995 dr 000 0 spa d | ||
| 040 |
_aDO-SdBNP _bspa _cBNPHU _erda |
||
| 082 |
_a923.55 _bB742n, 1995 _222 |
||
| 100 | 1 |
_a Bosch, Juan, _d1909-2001 _eautor _976555 |
|
| 245 | 1 | 3 |
_aEl Napoleón de las guerrillas / _cJuan Bosch. |
| 250 | _a6ª edición | ||
| 264 |
_aSanto Domingo : _bAlfa y Omega, _c1995. |
||
| 300 |
_a53 paginas ; _cilustraciones, retratos. _c18 cm. |
||
| 336 |
_2rdacontent _atexto _btxt |
||
| 337 |
_2rdamedia _asin mediación _bn |
||
| 338 |
_2rdacarrier _avolumen _bnc |
||
| 500 | _aCubierta reproducida del periódico Cuba libre publicado en Buenos Aires el 23 de enero de 1897. | ||
| 500 | _aIncluye referencias bibliográficas y notas al pie de la páginas | ||
| 505 | 0 |
_aLa campaña de las Tea -- _tLa lucha de Clases -- _tLa Campaña de La Reforma -- |
|
| 590 | _aInventariado, 2019 /LP | ||
| 910 | _aLP | ||
| 942 |
_2ddc _cLBS1 |
||
| 999 |
_c37594 _d37594 |
||